MARC details
| 000 -LEADER |
| fixed length control field |
01001nam a22002297a 4500 |
| 003 - CONTROL NUMBER IDENTIFIER |
| control field |
OSt |
| 005 - DATE AND TIME OF LATEST TRANSACTION |
| control field |
20251124132214.0 |
| 008 - FIXED-LENGTH DATA ELEMENTS--GENERAL INFORMATION |
| fixed length control field |
251117b |||||||| |||| 00| 0 eng d |
| 040 ## - CATALOGING SOURCE |
| Transcribing agency |
0 |
| 082 ## - DEWEY DECIMAL CLASSIFICATION NUMBER |
| Classification number |
DPer 370.15 J826 October-November 2020 v. 112 n. 7-8 |
| 100 ## - MAIN ENTRY--PERSONAL NAME |
| Personal name |
Eichmann, Beate. |
| Relator term |
author. |
| 9 (RLIN) |
69385 |
| 245 ## - TITLE STATEMENT |
| Title |
Using process data to explain group diferences in complex problem solving / |
| Statement of responsibility, etc. |
Beate Eichmann, Frank Goldhammer, Samuel Greiff, Liene Brandhuber, and Johannes Naumann. |
| 260 ## - PUBLICATION, DISTRIBUTION, ETC. (IMPRINT) |
| Place of publication, distribution, etc. |
Washington ; |
| Name of publisher, distributor, etc. |
American Psychological Association , |
| Date of publication, distribution, etc. |
November 2020. |
| 300 ## - PHYSICAL DESCRIPTION |
| Extent |
Volume 112, pages 1546-1562 : |
| Other physical details |
illustration ; |
| Dimensions |
28 cm. |
| 500 ## - GENERAL NOTE |
| General note |
Journal of Educational Psychology, vol. 112, no 8, pages 1546-4562, November 2020. |
| 700 ## - ADDED ENTRY--PERSONAL NAME |
| Personal name |
Eichmann, Beate. |
| Relator term |
author. |
| 9 (RLIN) |
48832 |
| 710 ## - ADDED ENTRY--CORPORATE NAME |
| Corporate name or jurisdiction name as entry element |
Goldhammer, Frank. |
| Relator term |
author. |
| 9 (RLIN) |
69386 |
| 711 ## - ADDED ENTRY--MEETING NAME |
| Meeting name or jurisdiction name as entry element |
Greiff, Samuel. |
| Relator term |
author. |
| 9 (RLIN) |
69387 |
| 711 ## - ADDED ENTRY--MEETING NAME |
| Meeting name or jurisdiction name as entry element |
Brandhuber, Liene. |
| Relator term |
author. |
| 9 (RLIN) |
69388 |
| 711 ## - ADDED ENTRY--MEETING NAME |
| Meeting name or jurisdiction name as entry element |
Naumann, Johannes. |
| Relator term |
author. |
| 9 (RLIN) |
69389 |
| 942 ## - ADDED ENTRY ELEMENTS (KOHA) |
| Source of classification or shelving scheme |
Dewey Decimal Classification |
| Koha item type |
Periodicals |